| 000 | 01513nam a22003017a 4500 | ||
|---|---|---|---|
| 005 | 20240530110513.0 | ||
| 008 | 151217s2013 ua aop g b 000 0 ara d | ||
| 017 |
_a2012/14880 _bمصر . دار الكتب المصرية |
||
| 020 | _a9789776413030 | ||
| 040 | _aEG-CaGPL | ||
| 082 | 0 | 4 |
_221 _a745.61911\ _bم ع |
| 100 | 0 | _aعلاءالدين عبدالعال عبدالحميد | |
| 245 | 1 | 0 |
_aموسوعة الخط الكوفى / _cاعداد علاءالدين عبدالعال عبدالحميد _nالمجلد الاول . _pالنقوش الكتابية فى العصر الايوبى _nالمجلد الثانى . _pالنقوش الكتابية فى العصر المملوكى _nالمجلدالثالث . _pالنقوش الكتابية فى العصرالعثمانى |
| 250 | _aط1 | ||
| 260 |
_aالاسكندرية : _bدار الوفاء لدنيا الطباعة و النشر ، _c2013 . |
||
| 300 |
_a3 مج : _bايض ؛ _c24 سم . |
||
| 504 | _aيشتمل على ارجاعات ببليوجرافية | ||
| 650 | 0 | 4 | _aالحضارة الاسلامية |
| 650 | 0 | 4 | _aالخط العربى |
| 650 | 0 | 4 | _aالخط الكوفى |
| 650 | 0 | 4 | _aالنقوش الاسلامية |
| 650 | 0 | 4 | _aالاثار الاسلامية |
| 650 | 0 | 4 |
_aالخط الكوفى _yالعصر الايوبى |
| 650 | 0 | 4 |
_aالخط الكوفى _yالعصر المملوكى |
| 650 | 0 | 4 |
_aالخط الكوفى _yالعصر العثمانى |
| 942 |
_2ddc _cBK |
||
| 999 |
_c61724 _d61724 |
||